000 00426nam a2200169Ia 4500
008 230524s9999 xx 000 0 und d
020 _a9780199460915
082 _a624.1821
_bSUB
100 _aN.Subramanian
245 0 _aDesign of Steel Structures LIMIT STATES METHOD
250 _a1
260 _aNew Delhi
_bOxford
_c2016
300 _a"xxix,875p;"
500 _aQuantity Number: 15
650 _aCivil
942 _cBK
999 _c56136
_d56136